| 000 | 00678nam a2200205 i 4500 | ||
|---|---|---|---|
| 001 | bg | ||
| 245 | 7 | 0 |
_aMechanizacja zbioru i suszenia nasion roślin niezbożowych : _bpraca zbiorowa / _cpod red. Jacka Orzechowskiego, Kazimierza Tomaszewskiego. |
| 260 |
_aLublin : _bWydaw. Akademii Rolniczej, _c1993. |
||
| 300 |
_a136, [2] s. : _brys., wykr. ; _c24 cm. |
||
| 504 | _aBibliogr. s.135-136. | ||
| 650 | 9 |
_aRolnictwo _xmechanizacja |
|
| 650 | 9 | _aRośliny uprawne | |
| 700 | 1 |
_aORZECHOWSKI, Jacek. _eRed. |
|
| 700 | 1 |
_aTOMASZEWSKI, Kazimierz. _eRed. |
|
| 040 | _cBPK | ||
| 041 | 0 | _apl | |
| 080 | _a631.35/.36:633 | ||
| 942 | _cKS | ||
| 008 | s pl f |000 0 pol | ||
| 999 |
_c31197 _d31197 |
||
| 856 |
_uhttp://koha.tu.koszalin.pl/cgi-bin/koha/opac-detail.pl?biblionumber=31197 _yKatalog online BPK |
||